Catálogo
 En Linea

Organización del bienestar social / (Registro nro. 23082)

Detalles MARC
000 -CABECERA
campo de control de longitud fija 00928nam a2200241 a 4500
001 - NÚMERO DE CONTROL
campo de control 000023586
005 - FECHA Y HORA DE LA ÚLTIMA TRANSACCIÓN
campo de control 20200930022329.0
008 - DATOS DE LONGITUD FIJA--INFORMACIÓN GENERAL
campo de control de longitud fija 101214s1970 ag r 000 e spa d
040 ## - FUENTE DE LA CATALOGACIÓN
Centro catalogador/agencia de origen DO-SdBNP
Lengua de catalogación spa
Centro/agencia transcriptor BNPHU
041 17 - CÓDIGO DE LENGUA
Código de lengua del texto/banda sonora o título independiente spa
Código de lengua original eng
Fuente del código Código de idiomas MARC
082 ## - NÚMERO DE LA CLASIFICACIÓN DECIMAL DEWEY
Número de clasificación nnnn
Número de documento/Ítem Z22o
049 ## - FONDOS LOCALES (OCLC)
Fondos de biblioteca BNGR
100 1# - ENTRADA PRINCIPAL--NOMBRE DE PERSONA
Nombre de persona Zald, Mayer N.,
9 (RLIN) 48615
240 10 - TÍTULO UNIFORME
Título uniforme Organizing for community welfare.
Lenguaje de la obra Español.
245 10 - MENCIÓN DE TÍTULO
Título Organización del bienestar social /
Mención de responsabilidad, etc. Mayer N. Zald y otros ; traducción de María Luisa S. de Selvás.
260 ## - PUBLICACIÓN, DISTRIBUCIÓN, ETC.
Lugar de publicación, distribución, etc. Buenos Aires :
Nombre del editor, distribuidor, etc. Humanitas ;
-- Tres Américas,
Fecha de publicación, distribución, etc. 1970.
300 ## - DESCRIPCIÓN FÍSICA
Extensión 364, [1] p. ;
Dimensiones 20 cm.
490 1# - MENCIÓN DE SERIE
Mención de serie Promoción humana
Designación de volumen o secuencia 3
504 ## - NOTA DE BIBLIOGRAFÍA, ETC.
Nota de bibliografía, etc. Incluye referencias bibliográficas y notas al pie de las páginas.
534 ## - NOTA SOBRE LA VERSIÓN ORIGINAL
Frase introductoria Título original en inglés:
Mención de título del original Organizing for community welfare.
Publicación, distribución, etc. del original 1967
700 1# - PUNTO DE ACCESO ADICIONAL--NOMBRE DE PERSONA
Nombre de persona Selvás, María Luisa S.,
Término indicativo de función/relación tr.
9 (RLIN) 48616
830 #0 - PUNTO DE ACCESO ADICIONAL DE SERIE-TÍTULO UNIFORME
Título uniforme Promoción humana ;
Designación de volumen o secuencia 3
9 (RLIN) 48617
Existencias
Estado de retiro Estado de pérdida Restricciones de uso No para préstamo Código de colección Localización permanente Ubicación/localización actual Ubicación en estantería Fecha de adquisición Número de inventario Total de préstamos Signatura topográfica completa Código de barras Fecha visto por última vez Precio válido a partir de Tipo de ítem Koha
    Préstamo interno   Monografías: Libros y Folletos General General En catalogación 14.12.2010 LF1   nnnn Z22o 23586-10 25.06.2020 25.06.2020 Préstamo interno

Con tecnología Koha